Literary forms in the New Testament : (Record no. 118378)
[ view plain ]
| 000 -LEADER | |
|---|---|
| fixed length control field | 00959cam a2200301 a 4500 |
| 001 - CONTROL NUMBER | |
| control field | 4479359 |
| 003 - CONTROL NUMBER IDENTIFIER | |
| control field | ARRUPE |
| 005 - DATE AND TIME OF LATEST TRANSACTION | |
| control field | 20131022171559.0 |
| 008 - FIXED-LENGTH DATA ELEMENTS--GENERAL INFORMATION | |
| fixed length control field | 921117s1992 kyu b 001 0 eng |
| 010 ## - LIBRARY OF CONGRESS CONTROL NUMBER | |
| LC control number | 91037586 |
| 020 ## - INTERNATIONAL STANDARD BOOK NUMBER | |
| International Standard Book Number | 0664251544 (acidfree paper) |
| 035 ## - SYSTEM CONTROL NUMBER | |
| System control number | (OCoLC)24626368 |
| 035 ## - SYSTEM CONTROL NUMBER | |
| System control number | (OCoLC)ocm24626368 |
| 035 ## - SYSTEM CONTROL NUMBER | |
| System control number | (NNC)4479359 |
| 040 ## - CATALOGING SOURCE | |
| Original cataloging agency | DLC |
| Transcribing agency | DLC |
| Modifying agency | DLC |
| -- | NNUT |
| 050 00 - LIBRARY OF CONGRESS CALL NUMBER | |
| Classification number | BS2361.2 |
| Item number | .B25 1992 |
| 090 ## - LOCALLY ASSIGNED LC-TYPE CALL NUMBER (OCLC); LOCAL CALL NUMBER (OCLC) | |
| Classification number (OCLC) (R) ; Classification number, CALL (RLIN) (NR) | BS2361.2 |
| Local cutter number (OCLC) ; Book number/undivided call number, CALL (RLIN) | .B25 1992 |
| 300 ## - PHYSICAL DESCRIPTION | |
| Dimensions | 23 cm. |
| 100 1# - MAIN ENTRY--PERSONAL NAME | |
| Personal name | Bailey, James L., |
| Dates associated with a name | 1938- |
| 9 (RLIN) | 2644 |
| 245 10 - TITLE STATEMENT | |
| Title | Literary forms in the New Testament : |
| Remainder of title | a handbook / |
| Statement of responsibility, etc | James L. Bailey and Lyle D. Vander Broek. |
| 250 ## - EDITION STATEMENT | |
| Edition statement | 1st ed. |
| 260 ## - PUBLICATION, DISTRIBUTION, ETC. (IMPRINT) | |
| Place of publication, distribution, etc | Louisville, Ky. : |
| Name of publisher, distributor, etc | Westminster/John Knox Press, |
| Date of publication, distribution, etc | c1992. |
| 300 ## - PHYSICAL DESCRIPTION | |
| Extent | 219 p. ; |
| 504 ## - BIBLIOGRAPHY, ETC. NOTE | |
| Bibliography, etc | Includes bibliographical references and index. |
| 630 00 - SUBJECT ADDED ENTRY--UNIFORM TITLE | |
| Uniform title | Bible. |
| Name of part/section of a work | New Testament |
| General subdivision | Language, style. |
| 9 (RLIN) | 2645 |
| 700 1# - ADDED ENTRY--PERSONAL NAME | |
| Personal name | Vander Broek, Lyle D. |
| 9 (RLIN) | 2646 |
| 942 ## - ADDED ENTRY ELEMENTS (KOHA) | |
| Source of classification or shelving scheme | Library of Congress Classification |
| Koha item type | Monograph ( Printed materials) |
| Withdrawn status | Lost status | Source of classification or shelving scheme | Damaged status | Not for loan | Home library | Current library | Date acquired | Total Checkouts | Full call number | Barcode | Date last seen | Price effective from | Koha item type |
|---|---|---|---|---|---|---|---|---|---|---|---|---|---|
| Library of Congress Classification | ARRUPE LIBRARY | ARRUPE LIBRARY | 22/10/2013 | BS2361.2 .B25 1992 | 46411447 | 07/12/2016 | 22/10/2013 | Monograph ( Printed materials) |